000 00645nam a2200145 a 4500
008 120416s1970 ||||||||||||||||| || u
050 _aHF 5823 Bar
100 _aBarton, Roger
245 1 0 _aHandbook of advertising management
260 _aNew York
_bMcGraw-Hill
_c1970
300 _axxiii, various pagings
350 _a0.00
995 _aMAIN LIBRARY OPEN ACCESS
_D0.00
_e703431
_FCBU-MAIN LIBRARY (Kitwe)
_H1
_I0.00
_jHF 5823 Bar
_M1
_UAVAILABLE
_y007111
_ZMain Library Open Access Collection
995 _aMAIN LIBRARY OPEN ACCESS
_D0.00
_e703024
_FCBU-MAIN LIBRARY (Kitwe)
_H2
_I0.00
_jHF 5823 Bar
_M2
_UAVAILABLE
_y007112
_ZMain Library Open Access Collection
999 _c76088
_d76088